<?xml version="1.0" encoding="UTF-8"?>
<collection xmlns="http://www.loc.gov/MARC21/slim">
 <record>
  <leader>00770nam a2200181   4500</leader>
  <controlfield tag="001">1/49795</controlfield>
  <controlfield tag="008">990114s1963    gr bd    b    001 0 gre d</controlfield>
  <datafield tag="035" ind1=" " ind2=" ">
   <subfield code="l">14559</subfield>
  </datafield>
  <datafield tag="040" ind1=" " ind2=" ">
   <subfield code="a">GR-PeUP</subfield>
  </datafield>
  <datafield tag="082" ind1="0" ind2="0">
   <subfield code="a">909 ΙΣ</subfield>
  </datafield>
  <datafield tag="100" ind1="1" ind2=" ">
   <subfield code="a">Morase, Charle.</subfield>
  </datafield>
  <datafield tag="245" ind1="1" ind2="0">
   <subfield code="a">Ιστορία της ανθρωπότητος:</subfield>
   <subfield code="b">ο δέκατος ένατος αιών(1775-1900) /</subfield>
   <subfield code="c">Charle Morase.</subfield>
  </datafield>
  <datafield tag="260" ind1=" " ind2=" ">
   <subfield code="a">Αθήνα:</subfield>
   <subfield code="b">UNESCO,</subfield>
   <subfield code="c">1963.</subfield>
  </datafield>
  <datafield tag="300" ind1=" " ind2=" ">
   <subfield code="a">2 τ.;</subfield>
   <subfield code="b">χαρτ.:πιν.:</subfield>
   <subfield code="c">30 εκ.</subfield>
  </datafield>
  <datafield tag="500" ind1=" " ind2=" ">
   <subfield code="a">Περιέχει βιβλιογραφία.</subfield>
  </datafield>
  <datafield tag="650" ind1=" " ind2="4">
   <subfield code="a">Ιστορία, Νεώτερη.</subfield>
  </datafield>
  <datafield tag="852" ind1=" " ind2=" ">
   <subfield code="a">INST</subfield>
   <subfield code="b">UNIPILB</subfield>
   <subfield code="c">MAIN</subfield>
   <subfield code="e">20040709</subfield>
   <subfield code="h">909 ΙΣ</subfield>
   <subfield code="p">00130089</subfield>
   <subfield code="q">00130089</subfield>
   <subfield code="t">LOAN</subfield>
   <subfield code="v">τ.5β:</subfield>
   <subfield code="y">0</subfield>
   <subfield code="z">τ.5β</subfield>
   <subfield code="4">1</subfield>
  </datafield>
  <datafield tag="852" ind1=" " ind2=" ">
   <subfield code="a">INST</subfield>
   <subfield code="b">UNIPILB</subfield>
   <subfield code="c">MAIN</subfield>
   <subfield code="e">20040709</subfield>
   <subfield code="h">909 ΙΣ</subfield>
   <subfield code="p">00130090</subfield>
   <subfield code="q">00130090</subfield>
   <subfield code="t">LOAN</subfield>
   <subfield code="v">τ.5α:</subfield>
   <subfield code="y">0</subfield>
   <subfield code="z">τ.5α</subfield>
   <subfield code="4">1</subfield>
  </datafield>
 </record>
</collection>
